000 00613cab a2200229 4500
001 X623
008 090401t1993 xxu||||| |||| 00| 0 eng d
035 _a(Sirsi) u97851
041 _aeng
100 _aLangley, R.
245 _aContract administrators: don`t sit on the fence
260 _c1993
350 _a0
490 _aCS Monthly
_bthe Building Surveyor
_v2(7) April 1993, 11(1)
650 _aCONTRACT ADMINISTRATION
650 _aJCT 1963
650 _aNEWHAM
650 _aWEST FAULKNER ASSOCIATES
690 _aBUILT ENVIRONMENT-BUILDING CONTRACT FORMS
942 _n0
948 _c04/03/1997
999 _c59727
_d59727